Manual práctico de la aplicación de la pena: la pena con preguntas y respuestas

Saved in:
Bibliografiske detaljer
Hovedforfatter: Vargas Pinto, Tatiana (Author)
Format: Bog
Sprog:spansk
Udgivet: Santiago Legal Publishing 2014
Udgivelse:1a. ed
Serier:Colección Tratados Manuales
La Ley
Fag:
Tags: Tilføj Tag
Ingen Tags, Vær først til at tagge denne postø!

MARC

LEADER 00000cam a2200000 a 4500
001 UCE3259
003 CL-VaPUC
008 140821e20140000cl |||||||||||||||||spa|d
020 |a 9789563464979 
082 0 4 |a 345.02  |b VAR  |2 21 
100 0 |a Vargas Pinto, Tatiana  |e author  |9 575816 
245 1 0 |a Manual práctico de la aplicación de la pena: la pena con preguntas y respuestas 
250 |a 1a. ed 
300 |a 235 p 
942 |c BK 
945 |d 20140821 14:35:00  |a arojas 
260 |a Santiago  |b Legal Publishing  |c 2014 
500 |a Con la colaboración de Rodrígo Guerra Espinosa 
650 7 |a DERECHO PENAL  |2 CL-VaPUC  |9 11 
650 0 |a Responsabilidad penal  |9 254899 
650 0 |a Delito  |9 336975 
650 7 |a RESPONSABILIDAD SUBJETIVA  |2 CL-VaPUC  |9 575817 
650 7 |a PENA  |2 CL-VaPUC  |9 336490 
650 0 |a Culpabilidad penal   |9 460733 
583 |a last modification  |c 20140821 14:35:00  |k Rodrigo Vera 
490 0 |a Colección Tratados Manuales 
490 0 |a La Ley 
999 |c 356682  |d 356680 
952 |0 0  |1 0  |3 erb  |4 0  |6 345_020000000000000_VAR_2014  |7 0  |8 A  |9 464171  |a BIBDER  |b BIBDER  |i 5110866  |l 3  |m 3  |o 345.02 VAR 2014  |p 5110866  |r 2025-03-19  |s 2025-03-11  |w 2019-11-23  |y BK  |z Catalogado en:20140821  |k DER